000 01112nam a22003137a 4500
001 BR8000437
003 BR-BrBNA
005 20230928090526.0
007 ta
008 230509b bl.||||| |||| 00| 0 por d
040 _aBR-BrBNA
_bpor
_cBiblioteca Nacional de Agricultura
041 _a(Por)
072 _aF00
_b1954
_b3575
090 _ 1954 BR8000437
100 1 _aBurin, M.E.
110 1 _aUniversidade Federal de Vicosa, MG (Brasil)
_0Tese (Magister Scientiae)
245 1 _aRegulacao quimica da dormencia endogena de sementes de Stylosanthes humilis H.B.K. [Stilosante]
246 1 _a[Chemical regulation of the endogenous dormancy of seeds of Stylosanthes humilis H.B.K [Stilosanthes]]
260 3 _aVicosa, MG (Brasil):
_c1979.
300 _a50 p.
500 _a35 tables; 44 ref.; Summary (Por). (*) Documento disponível na(o) Universidade Federal de Vicosa, MG (Brazil)
650 _aProducao vegetal
650 _aLeguminosa forrageira
650 _aSemente
650 _aDormencia da semente
650 _aControle quimico
909 _a202309
_bLucia
_c55
_dLucia Elande
942 _cBK
999 _c29204
_d29204